| 000 | 00367nam a2200133Ia 4500 | ||
|---|---|---|---|
| 008 | 231017s9999 xx 000 0 und d | ||
| 082 | _a625.7 | ||
| 082 | _bPAV | ||
| 245 | 0 | _aPavement recycling guidelines for state and local governments | |
| 245 | 0 | _cUS Department of Transportation | |
| 260 | _bUS Department of Transportation | ||
| 300 | _c30cm | ||
| 942 | _cREP | ||
| 999 |
_c605805 _d605805 |
||